Normal view
MARC view
- Tuckman, Bruce Wayne,
Entry Nombre Personal
001 - NUMERO DE CONTROL
- campo de control: 37245
003 - IDENTIFICADOR DE NUMERO DE CONTROL
- campo de control: UPN
005 - FECHA Y HORA DE LA ÜLTIMA TRANSACCIÓN
- campo de control: 20210219194523.0
008 - DATOS DE LONGITUD FIJA
- campo de control de longitud fija: nabaccnnaabn|||||||||| b |nc|||||d
035 ## - NUMERO DE CONTROL
- Número de control: UPN11000009352
040 ## - FUENTE DE CATALOGACIÓN
- Lenguaje de catalogación: SPA
- Agencia de transcripción: UPN
100 1# - ENCABEZAMIENTO - NOMBRE PERSONAL
- Nombre personal: Tuckman, Bruce Wayne,
- Fechas asociadas con el nombre: 1938-
670 ## - FUENTE EN LA QUE SE LOCALIZARON DATOS
- Cita de la fuente: T
- Información localizada: Psicología educativa
- Uniform Resource Identifier: http://en.wikipedia.org/wiki/Bruce_Tuckman
680 ## - NOTA PUBLICA DE ACCESO PÚBLICO
- Frase explicativa de la referencia: Profesor emérito de Psicología Educativa de la Universidad Estatal de Ohio , donde también es director fundador del Centro de Aprendizaje Dennis E. Walter. Ha llevado a cabo la investigación en la teoría de la dinámica de grupo. En 1965, publicó una de sus teorías denominadas " etapas de Tuckman de desarrollo del grupo ". En 1977, se añadió una quinta etapa llamada de levantar. Trató de introducir varios tipos de teorías como la teoría del trabajo en equipo de Tuckman.
902 ## - CATALOGADOR
- Catalogador: EMR/170615
